000 00602nam a22001937a 4500
999 _c192409
_d192409
005 20220921122715.0
010 _aENG-135150
020 _c200.00
_a9789389146417
035 _aEN-118682
037 _bDBAD / PUB
082 _a658
100 _aChinna, P. Rajan
245 _aMaterial Management and Concepts/
_cP. Rajan Chinna and K. Aravindaraj
260 _aTamil Nadu
_bShanlax
_c2019
270 _bTamil Nadu
_a61, 66 T.P.K main road vasantha nagar madurai
_e625003
_k7639303383
300 _a129p.
_c22cm (pbk).
700 _aAravindaraj, K.
942 _2ddc
_cEN
_mCHI
_h658